000 00358nam a2200133Ia 4500
005 20251222143208.0
008 251222s9999||||xx |||||||||||||| ||spa||
020 _a958-200-766-4
082 _a658.404/C34
100 _aCastillo Sánchez, Mauricio
245 0 _aGuía de Formulación de Proyectos de Investigación
264 _bMagisterio
942 _cLIB
999 _c13349
_d13349